00444nam a2200157Ia 4500008004100000020001500041082001400056100002300070245003100093250000800124260004000132300002400172500001900196600002100215650005000236240925s9999 xx 000 0 und d a8170297273 a004.6 CAD aHarrah, Cady Glee 0aMastering TM The Internet  a2nd aNew Delhi:bBPB Publicationc,1996. a354p.bNAfOriginal aIncludes Index aComputer Science aComputer science, information & general works